000 03450cam a22007214i 4500
003 PE-LiUPU
005 20250731170408.0
008 030314s2011 sp rb 00 spa d
020 _a9788434469501
_q(volumen 1)
020 _a9788434469556
_q(volumen 3)
020 _a9788434469648
_q(volumen 4)
035 _a(Sirsi) i9788434469501
040 _aPE-LiUPU
_bspa
_cPE-LiUPU
_erda
041 1 _aspa
_heng
049 _aPRUA
082 0 4 _a109
_bHF
100 1 _aCopleston, Frederick,
_eautor.
245 1 0 _aHistoria de la filosofía. /
_cFrederick Copleston ; [traducción de Victoria Camps, Juan Manuel García de la Mora ; edición castellana dirigida por Manuel Sacristán].
250 _aPrimera edición en esta presentación.
264 1 _a[Barcelona] :
_bAriel,
_c2011.
300 _a3 volúmenes ;
_c22 centímetros.
336 _atext
_2rdacontent
337 _aunmediated
_2rdamedia
338 _avolume
_2rdacarrier
490 0 _aFilosofía
504 _aIncluye bibliografía.
505 0 0 _gVolumen 1.
_tDe la Grecia antigua al mundo cristiano --
_aGrecia y Roma -- La Filosofía presocrática -- El período socrático -- Platón -- Aristóteles -- La filosofía postaristotélica -- De San Agustín a Excoto -- Influencias Pre-Medievales -- El renacimiento carolingio -- Los siglos X, XI, y XI --
_gVolumen 3.
_tDe la filosofía Kantiana al idealismo --
_gVolumen 4.
_tDel utilitarismo al existencialismo --
_aEl empirismo británico -- El movimiento idealista en gran Bretaña -- El idealismo en Norteamérica -- El movimiento pragmatista -- La rebelión contra el idealismo -- De Maine de viran a Sartre -- Desde la revolución Francesa hasta augusto.
526 _aSEG68
526 _aSEG70
526 _aSEG69
526 _aSEG67
526 _aSEG43
526 _aP144
526 _aP143
526 _aP131
526 _aP122
526 _aP120
526 _aP117
526 _aP112
526 _aP110
526 _aP106
526 _aP101
526 _aP80
526 _aP59
526 _aP54
526 _aP35
526 _aP33
526 _aP30
534 _pTítulo original :
_tA history of philosophy.
650 1 4 _aFilosofía
_xHistoria
700 1 _aCampos, Victoria,
_etraductora.
910 _agl20131210
942 _2ddc
_cBOOK
949 _a109 HF 1
_wDEWEY
_c1
_i69505
_mBUL
_p72.00
_r0
_sY
_tBOOK
_u2015-7-6
_xTEOLOGIA
_PP35
_0COMPRA
_o.STAFF. Colección General
949 _a109 HF 3
_wDEWEY
_c1
_i69506
_d2016-5-3
_e2016-4-29
_lCCODEBUL1
_mBUL
_n9
_p72.00
_r0
_sY
_tBOOK
_u2015-7-6
_xTEOLOGIA
_PP35
_0COMPRA
_o.STAFF. Colección General
949 _a109 HF 4
_wDEWEY
_c1
_i69504
_lCCODEBUL1
_mBUL
_p72.00
_r0
_sY
_tBOOK
_u2015-7-6
_xTEOLOGIA
_PP35
_0COMPRA
_o.STAFF. Colección General
994 _aC0
_bPEPRU
596 _a1
999 _a109 HF 1
_wDEWEY
_c6036
_i69505
_d6036
_e2018-4-9
_f2021-11-4
_g3
_lCCODEBUL1
_mBUL
_n2
_p72.00
_q1
_r0
_sY
_tBOOK
_u2015-7-6
_xBIBLIOTECA
_PP35
_0COMPRA
_o.STAFF. Colección General
999 _a109 HF 3
_wDEWEY
_c1
_i69506
_d2018-11-4
_e2018-10-31
_f2021-11-8
_g5
_lCCODEBUL1
_mBUL
_n12
_p72.00
_q2
_r0
_sY
_tBOOK
_u2015-7-6
_xTEOLOGIA
_PP35
_0COMPRA
_o.STAFF. Colección Teología
999 _a109 HF 4
_wDEWEY
_c1
_i69504
_d2017-8-31
_e2017-8-29
_f2021-11-8
_g5
_lCCODEBUL1
_mBUL
_n4
_p72.00
_r0
_sY
_tBOOK
_u2015-7-6
_xTEOLOGIA
_PP35
_0COMPRA
_o.STAFF. Colección Teología
980 _81
_gALBERTO SANCHEZ Responsable de Automatización